000 00708nam a2200265 i 4500
001 C2-0150064
003 PPAK
005 20180727131844.0
008 980324s1996 my |||| ||||| | may d
020 _a9835700060
040 _aPPAK
_beng
_cPPAK
_erda
082 0 4 _a297
_223
090 0 0 _a297
_bTEM
_dK
245 0 0 _aTeman Allah
264 1 _aKuala Lumpur :
_bGema Insan ,
_c1996
300 _a16 pages ;
_c22 cm
336 _2rdacontent
_atext
337 _2rdamedia
_aunmediated
338 _2rdacarrier
_avolume
490 1 _aSiri Petunjuk Dari Al-Quran
650 1 0 _aIslamic stories, Malay
700 0 _aNorhayuza Mohamad,
_ecompile
830 0 _aSiri Petunjuk Dari Al-Quran
942 _ddc
_cB
999 _c47329
_d47329